000 00324nam a2200133 a 4500
001 4140
005 20140414131916.0
008 090218s19uu xx 00 eng d
050 _aER
_bL66 1994
100 _aBrenner, Barbara
245 _aLion and lamb step out.
260 _aNew York :
_bBantam,
_c1990.
999 _c111493
_d111493